000
00255nam a22001097a 4500
082
_a
327.5491
100
_a
Ministry of Foreign Affairs
245
_a
Joint Communiques 1998-2014
260
_a
Islamabad
_b
Govt of Pakistan
300
_a
735p
942
_c
BK
999
_c
2706
_d
2706